Dúos míticos #4 - Estadísticas

Estadísticas generales
  • Esta prueba ha sido intentada 9 veces
  • La puntuación promedio es 13 de 30
Estadísticas de respuestas
Imagen Respuesta % Correcto
Dora
88%
Rafael Nadal
88%
Roger Federer
88%
Spiderman
88%
Botas
75%
Donkey Kong
63%
Dwayne Johnson
63%
Rose
63%
The Mandalorian
63%
Valentino Rossi
63%
Wolverine
63%
Deadpool
50%
Marc Marquez
50%
Pica
50%
Rasca
50%
Chip
38%
Chop
38%
Jack
38%
Kevin Hart
38%
Dash
25%
Grogu
25%
Miles Morales
25%
Nick Wilde
25%
Violeta
25%
Diddy Kong
13%
Fireboy
13%
Judy Hopps
13%
Watergirl
13%
Cody Maverick
0%
Pepe el pollo
0%
No se encontraron pruebas coincidentes
Distribución de puntuación
Porcentaje de gente con cada puntuación
Porcentaje por número respondido
Historial de tus puntuaciones
No has intentado esta prueba.